Diseño de la instrucción : teorías y modelos : un nuevo paradigma de la teoría de la instrucción /

保存先:
書誌詳細
第一著者: Reigeluth, Charles M. (ed.)
フォーマット: 図書
言語:スペイン語
出版事項: Madrid, España : Santillana, 2000, c2000
シリーズ:(Aula XXI ; 77)
主題:
タグ: タグ追加
タグなし, このレコードへの初めてのタグを付けませんか!

MARC

LEADER 00000nam^a2200000^a^4500
001 000146450
005 20250521000000.0
009 20260310095911.682
020 |a 84-294-6813-7 
037 |a Acervo ITESO - Biblioteca 
041 |a ESP 
082 |a 370. 11  |b REI V. 2 
100 |a Reigeluth, Charles M.  |e (ed.) 
240 1 1 |a [Diseño de la instrucción] 
245 1 0 |a Diseño de la instrucción :  |b teorías y modelos : un nuevo paradigma de la teoría de la instrucción /  |c Ed. de C.M. Reigeluth ; tr. por Rosemary Vargas Martinto. 
264 4 |a Madrid, España :  |b Santillana,  |c 2000, c2000 
300 |a 241 p. 
336 |a texto  |b txt  |2 rdacontenido 
337 |a sin mediación  |b n  |2 rdamedio 
338 |a volumen  |b nc  |2 rdasoporte 
440 1 |a (Aula XXI ;  |v 77) 
649 |a XX 
650 |a Aprendizaje -  |x Teoría 
650 |a Desarrollo Psicomotriz y Perceptual 
650 |a Desarrollo Emocional 
650 |a Etica -  |x Estudio y Enseñanza 
650 |a Educación Religiosa 
650 |a Educación y Sociedad 
650 |a Educación -  |x Teoría 
910 |a Fondo General 
920 |a Impresos - Libros 
930 |a Colección General 
905 |a 101 
901 |a 0500075649  |b IT1  |c ACC  |u 20250521 
901 |a 0500078061  |b IT1  |c ACC  |u 20250521 
902 |a https://opac.biblio.iteso.mx/vufind/Record/000146450